| 000 | 02197nkc a22002777a 4500 | ||
|---|---|---|---|
| 001 | 85808 | ||
| 005 | 20260417104434.0 | ||
| 007 | kh boc | ||
| 008 | 260416s1910 sp ||||| |||| |0| i|spa d | ||
| 040 |
_aM-RABA _bspa _cM-RABA |
||
| 245 | 0 | 1 |
_a[Monasterio de Santa María de Carracedo _b: detalles de capiteles y óculo románicos] _h[Material gráfico] |
| 260 | _c[ca. 1910] | ||
| 300 |
_a3 fotografías _b: aristotipo virado al oro _c; imagen 11 x 8 cm _c; soporte secundario 17,5 x 15 cm |
||
| 500 | 0 | 0 | _aConjunto de 3 fotografías que representan detalles de los capiteles y de un óculo de estilo románico del Monasterio de Santa María de Carracedo en León (Castilla y León). |
| 500 | 0 | 0 | _aFecha tomada del conjunto de fotografías dedicado al Monasterio de Santa María de Carracedo (signaturas de Fot-547 a Fot-556) |
| 500 | 0 | 0 | _aIdentificación basada en el artículo de Moráis Morán, José Alberto; Cosmen Alonso, María C. "La desaparecida portada románica del monasterio de Santa María de Carracedo: (León)", Anuario de estudios medievales, ISSN 0066-5061, Vol. 50, Nº 1, 2020, págs. 231-266. (Disponible en https://estudiosmedievales.revistas.csic.es/index.php/estudiosmedievales/article/view/1199/1194) |
| 510 | _aMoráis Morán, José Alberto; Cosmen Alonso, María C. "La desaparecida portada románica del monasterio de Santa María de Carracedo: (León)", Anuario de estudios medievales, ISSN 0066-5061, Vol. 50, Nº 1, 2020, págs. 231-266. | ||
| 610 | 2 | 0 |
_aMonasterio de Santa María de Carracedo (León) _9111669 |
| 651 | 7 |
_aLeón _2embne _975160 |
|
| 655 | 0 |
_aFotografías de monumentos _9111580 |
|
| 852 | _jFot-648; Fot-649; Fot-650 | ||
| 856 |
_uhttps://archivoybiblioteca.realacademiabellasartessanfernando.com/cgi-bin/koha/opac-retrieve-file.pl?id=b7448c678e020226251443773dae76ae _yFot-648 |
||
| 856 |
_uhttps://archivoybiblioteca.realacademiabellasartessanfernando.com/cgi-bin/koha/opac-retrieve-file.pl?id=a8a85d382b3e4cda1ccfbdeccdc69158 _yFot-649 |
||
| 856 |
_uhttps://archivoybiblioteca.realacademiabellasartessanfernando.com/cgi-bin/koha/opac-retrieve-file.pl?id=83e9a2106cea6e9e2fd7c07ee22a25ac _yFot-650 |
||
| 942 |
_cFOTOGRAFÍA _n0 |
||
| 999 |
_c85808 _d85808 |
||